[Event "Turkey Cup 2019"]
[Site "Belek"]
[Date "2019.02.01"]
[Round "9.24"]
[White "Okus, Melih"]
[Black "Eren, Alper"]
[Result "1-0"]
[WhiteElo "2073"]
[BlackElo "1919"]
[Annotator "NA"]
[PlyCount "105"]
[EventDate "2019.01.27"]
[EventType "swiss"]
[EventCountry "TUR"]
[SourceTitle "playchess.com"]
[Source "ChessBase"]
[SourceQuality "1"]

1. Nf3 Nf6 2. g3 g6 3. Bg2 Bg7 4. c4 d6 5. d4 O-O 6. Nc3 c6 7. e4 Nbd7 8. h3 e5 9. d5 c5 10. g4 a6 11. Be3 b5 12. Nd2 Rb8 13. Bf1 bxc4 14. Nxc4 Nb6 15. Nd2 Ne8 16. Bd3 f5 17. gxf5 gxf5 18. exf5 Bxf5 19. Bxf5 Rxf5 20. Qg4 Qd7 21. Nde4 Nf6 22. Nxf6+ Rxf6 23. Qxd7 Nxd7 24. O-O-O Rb4 25. Rhg1 Rg6 26. Rxg6 hxg6 27. Rg1 Kf7 28. Rg4 Nf6 29. Rg3 Rc4 30. Kd2 e4 31. Rg1 Nd7 32. Bf4 Bxc3+ 33. bxc3 Nf6 34. Bxd6 Nxd5 35. Rc1 Ke6 36. Bf8 Kf5 37. Bg7 Nf4 38. Kc2 Ra4 39. Kb3 Ra5 40. c4 Nd3 41. Rg1 Nb4 42. a3 Nc6 43. h4 Kf4 44. Rg5 Kf3 45. Bc3 Kxf2 46. Bxa5 Nxa5+ 47. Kc3 Nc6 48. Rxc5 Ne7 49. Re5 Nf5 50. Rxe4 Kf3 51. Re6 Nxh4 52. c5 g5 53. c6 1-0

[Event "Turkey Cup 2019"]
[Site "Belek"]
[Date "2019.02.01"]
[Round "9.25"]
[White "Sayin, Atakan"]
[Black "Yelligedik, Murat"]
[Result "1/2-1/2"]
[WhiteElo "1921"]
[BlackElo "2055"]
[Annotator "NA RC"]
[PlyCount "156"]
[EventDate "2019.01.27"]
[EventType "swiss"]
[EventCountry "TUR"]
[SourceTitle "playchess.com"]
[Source "ChessBase"]
[SourceQuality "1"]

1. e4 e5 2. Nf3 Nc6 3. d4 exd4 4. Nxd4 Nf6 5. Nxc6 bxc6 6. e5 Qe7 7. Qe2 Nd5 8. c4 Ba6 9. b3 g6 10. g3 Bg7 11. Bb2 O-O 12. Bg2 Rfe8 13. O-O f6 14. Qd2 Nb6 15. exf6 Bxf6 16. Bxf6 Qxf6 17. Nc3 d5 18. Rfe1 Kg7 19. cxd5 cxd5 20. Nxd5 Nxd5 21. Qxd5 Rad8 22. Qa5 Rf8 23. Qxc7+ Rf7 24. Qe5 Qxe5 25. Rxe5 Rd2 26. f4 Rc7 27. Be4 Rc3 28. Re1 Be2 29. f5 a6 30. Re7+ Kf6 31. Re6+ Kg7 32. fxg6 hxg6 33. Rxg6+ Kf7 34. Rg5 Rxa2 35. Rf5+ Kg7 36. Rf2 Re3 37. Bd5 a5 38. Bc4 Bxc4 39. Rxe3 Ra1+ 40. Kg2 Bd5+ 41. Kh3 Ra3 42. Rf5 Bxb3 43. Rxa5 Rxa5 44. Rxb3 Rh5+ 45. Kg2 Ra5 46. g4 Kg6 47. Kg3 Ra1 48. h4 Rg1+ 49. Kf4 Rf1+ 50. Rf3 Rg1 51. h5+ Kh6 52. Re3 Rf1+ 53. Rf3 Rg1 54. Ra3 Rf1+ 55. Kg3 Rg1+ 56. Kh4 Rh1+ 57. Rh3 Rg1 58. Rh2 Ra1 59. g5+ Kh7 60. Rg2 Ra5 61. Rg4 Rb5 62. Ra4 Rb7 63. h6 Rb1 64. Ra7+ Kg6 65. Ra6+ Kh7 66. Ra4 Kg6 67. Ra6+ Kh7 68. Kh5 Rh1+ 69. Kg4 Rg1+ 70. Kf5 Rf1+ 71. Ke5 Re1+ 72. Kf6 Rf1+ 73. Ke7 Rf5 74. g6+ Kxh6 75. Rf6 Ra5 76. Re6 Kg7 77. Rb6 Re5+ 78. Kd6 Rg5 1/2-1/2

[Event "Turkey Cup 2019"]
[Site "Belek"]
[Date "2019.02.01"]
[Round "9.26"]
[White "Caner, Resul"]
[Black "Kul, Ozdemir Efe"]
[Result "1/2-1/2"]
[WhiteElo "1884"]
[BlackElo "1998"]
[Annotator "NA"]
[PlyCount "55"]
[EventDate "2019.01.27"]
[EventType "swiss"]
[EventCountry "TUR"]
[SourceTitle "playchess.com"]
[Source "ChessBase"]
[SourceQuality "1"]

1. e4 g6 2. d4 Bg7 3. Nc3 d6 4. Bg5 c6 5. Qd2 Nd7 6. f4 b5 7. a3 Bb7 8. Nf3 a5 9. Bd3 Nb6 10. O-O Nf6 11. e5 Nfd5 12. Ne4 f6 13. Bxf6 Nxf6 14. exf6 exf6 15. f5 Nd5 16. Rae1 O-O 17. Ng3 g5 18. Nh5 Re8 19. Nxg7 Kxg7 20. Rxe8 Qxe8 21. Re1 Qf7 22. c4 Nf4 23. Bf1 bxc4 24. g3 Nd3 25. Bxd3 cxd3 26. Qxd3 Re8 27. Rxe8 Qxe8 28. Kf2 1/2-1/2

[Event "Turkey Cup 2019"]
[Site "Belek"]
[Date "2019.02.01"]
[Round "9.27"]
[White "Baylav, Can"]
[Black "Kilic, Cihan"]
[Result "1-0"]
[WhiteElo "2108"]
[BlackElo "1886"]
[Annotator "NA"]
[PlyCount "56"]
[EventDate "2019.01.27"]
[EventType "swiss"]
[EventCountry "TUR"]
[SourceTitle "playchess.com"]
[Source "ChessBase"]
[SourceQuality "1"]

1. e4 c6 2. d4 d5 3. e5 Bf5 4. Nd2 e6 5. Nb3 Nd7 6. Nf3 Ne7 7. Be2 c5 8. c4 dxc4 9. Bxc4 Nc6 10. O-O Be7 11. Re1 O-O 12. d5 exd5 13. Bxd5 Qc7 14. Bf4 Nb6 15. Be4 Rad8 16. Qe2 Qc8 17. a3 Nd5 18. Bg3 Nc7 19. Bh4 Bxh4 20. Nxh4 Bxe4 21. Qxe4 Ne6 22. Nf5 Qc7 23. Rac1 Qb6 24. Qc4 g6 25. Ng3 Na5 26. Nxa5 Qxa5 27. Qh4 Qd2 28. Ne4 h5 1-0

[Event "Turkey Cup 2019"]
[Site "Belek"]
[Date "2019.02.01"]
[Round "9.28"]
[White "Kizilkus, Akin"]
[Black "Gonullu, Muhammed Sinan"]
[Result "1/2-1/2"]
[WhiteElo "2100"]
[BlackElo "1815"]
[Annotator "NA"]
[PlyCount "75"]
[EventDate "2019.01.27"]
[EventType "swiss"]
[EventCountry "TUR"]
[SourceTitle "playchess.com"]
[Source "ChessBase"]
[SourceQuality "1"]

1. d4 d5 2. c4 c6 3. e3 Nf6 4. Nc3 g6 5. Nf3 Bg7 6. Be2 O-O 7. O-O Bg4 8. h3 Bxf3 9. Bxf3 dxc4 10. Qe2 Nbd7 11. Qxc4 e5 12. Rd1 exd4 13. exd4 Nb6 14. Qb3 Qd7 15. a4 Nbd5 16. a5 Rab8 17. Ra4 h6 18. Nxd5 Nxd5 19. Bxd5 Qxd5 20. Qxd5 cxd5 21. Bf4 Rbd8 22. Rb4 Rd7 23. Rc1 g5 24. Bd2 Re8 25. g4 Kh7 26. Be3 Kg6 27. Rc3 Bf8 28. Rb5 a6 29. Rb6+ Re6 30. Rbb3 Bd6 31. Rc8 Kg7 32. Kg2 Ree7 33. Rb6 Re6 34. Rb3 Ree7 35. Rb6 Re6 36. Kf3 Be7 37. Rxe6 fxe6 38. Bd2 1/2-1/2

[Event "Turkey Cup 2019"]
[Site "Belek"]
[Date "2019.02.01"]
[Round "9.29"]
[White "Yigit, Ahmet Yasir"]
[Black "Bayik, Hasan"]
[Result "0-1"]
[WhiteElo "2032"]
[BlackElo "1825"]
[Annotator "NA"]
[PlyCount "110"]
[EventDate "2019.01.27"]
[EventType "swiss"]
[EventCountry "TUR"]
[SourceTitle "playchess.com"]
[Source "ChessBase"]
[SourceQuality "1"]

1. e4 c6 2. d4 d5 3. exd5 cxd5 4. Bd3 Nc6 5. c3 Nf6 6. Bf4 g6 7. Nf3 Bg7 8. h3 O-O 9. Na3 Re8 10. O-O Nh5 11. Bh2 e5 12. dxe5 Nxe5 13. Nxe5 Bxe5 14. Bxe5 Rxe5 15. Qf3 Qg5 16. Rfe1 Bd7 17. Rxe5 Qxe5 18. Nc2 Nf4 19. Re1 Qg5 20. Kh2 Nxd3 21. Qxd3 Re8 22. Rxe8+ Bxe8 23. Ne3 Bc6 24. Qd4 h5 25. Qxa7 Qf4+ 26. Kg1 Qe4 27. b4 Qb1+ 28. Kh2 Qb2 29. Qb8+ Kh7 30. Qf4 Qxc3 31. Qxf7+ Qg7 32. Qxg7+ Kxg7 33. Kg3 d4 34. Nf1 Kf6 35. f3 Ke5 36. Kf2 Bb5 37. Nd2 h4 38. g3 hxg3+ 39. Kxg3 d3 40. a3 Kd4 41. Kf2 Kc3 42. Ke3 g5 43. Ne4+ Kc2 44. Nd2 Bd7 45. Ne4 b5 46. Nd2 Bxh3 47. Ne4 Bf5 48. Nd2 Kb2 49. a4 bxa4 50. b5 Kc2 51. b6 Bc8 52. Nc4 Ba6 53. Na3+ Kb3 54. Nb1 a3 55. Nxa3 Kxa3 0-1

[Event "Turkey Cup 2019"]
[Site "Belek"]
[Date "2019.02.01"]
[Round "9.30"]
[White "Suzan, Ufuk"]
[Black "Percin, Onder"]
[Result "0-1"]
[WhiteElo "1831"]
[BlackElo "2084"]
[Annotator "NA"]
[PlyCount "82"]
[EventDate "2019.01.27"]
[EventType "swiss"]
[EventCountry "TUR"]
[SourceTitle "playchess.com"]
[Source "ChessBase"]
[SourceQuality "1"]

1. e4 e5 2. Nf3 Nc6 3. Bc4 Be7 4. d4 exd4 5. c3 d6 6. Qb3 Na5 7. Bxf7+ Kf8 8. Qa4 Kxf7 9. Qxa5 dxc3 10. Nxc3 Be6 11. Nd5 c6 12. Qxd8 Bxd8 13. Nc3 h6 14. Bf4 Bc7 15. O-O-O Rd8 16. Nd4 Ne7 17. Nxe6 Kxe6 18. Rhe1 Rhe8 19. Re3 Ng6 20. Bg3 Bb6 21. Re2 Rf8 22. Red2 Nf4 23. Ne2 Nh5 24. Rxd6+ Rxd6 25. Rxd6+ Ke7 26. Rd2 Nxg3 27. Nxg3 Rxf2 28. Nf5+ Rxf5 29. exf5 Be3 30. Kd1 Bxd2 31. Kxd2 Kf6 32. g4 Kg5 33. h3 h5 34. gxh5 Kxf5 35. h6 gxh6 36. Ke3 Kg5 37. Kf3 Kh4 38. b4 Kxh3 39. a4 h5 40. a5 b6 41. a6 h4 0-1

[Event "Turkey Cup 2019"]
[Site "Belek"]
[Date "2019.02.01"]
[Round "9.31"]
[White "Buker, Muhittin"]
[Black "Benk, Tolga Tugay"]
[Result "1-0"]
[WhiteElo "1978"]
[BlackElo "1863"]
[Annotator "NA"]
[PlyCount "71"]
[EventDate "2019.01.27"]
[EventType "swiss"]
[EventCountry "TUR"]
[SourceTitle "playchess.com"]
[Source "ChessBase"]
[SourceQuality "1"]

1. d4 Nf6 2. c4 e6 3. Nc3 Bb4 4. e3 b6 5. Nge2 Bb7 6. f3 O-O 7. a3 Be7 8. Ng3 d5 9. cxd5 Nxd5 10. Bc4 c5 11. O-O cxd4 12. Bxd5 Bxd5 13. Qxd4 Bb3 14. Qg4 f5 15. Qh3 Bc5 16. Kh1 Qd3 17. Re1 Nc6 18. Nh5 e5 19. g4 g6 20. Ng3 Ne7 21. gxf5 Nxf5 22. Nge4 Bxe3 23. Bxe3 Nxe3 24. Ng5 h5 25. Nce4 Nf5 26. Rg1 Nd4 27. Qd7 Rf7 28. Nf6+ Rxf6 29. Qh7+ Kf8 30. Qh8+ Ke7 31. Qxa8 Nc6 32. Qb7+ Qd7 33. Qxd7+ Kxd7 34. Ne4 Rxf3 35. Rxg6 Bd5 36. Rd6+ 1-0

[Event "Turkey Cup 2019"]
[Site "Belek"]
[Date "2019.02.01"]
[Round "9.32"]
[White "Daghan, Devran"]
[Black "Peker, Serdar"]
[Result "1-0"]
[WhiteElo "2020"]
[BlackElo "1830"]
[Annotator "NA"]
[PlyCount "75"]
[EventDate "2019.01.27"]
[EventType "swiss"]
[EventCountry "TUR"]
[SourceTitle "playchess.com"]
[Source "ChessBase"]
[SourceQuality "1"]

1. e4 c5 2. Nc3 Nc6 3. g3 g6 4. Bg2 Bg7 5. d3 d6 6. Be3 Nf6 7. h3 Rb8 8. f4 Nd4 9. Nf3 Nd7 10. O-O b5 11. Qd2 b4 12. Nd1 Nxf3+ 13. Bxf3 a5 14. f5 a4 15. Rb1 Ba6 16. b3 a3 17. g4 O-O 18. Bh6 Ne5 19. Bxg7 Kxg7 20. Ne3 e6 21. Bg2 Nd7 22. Qf2 h6 23. Qg3 Nf6 24. h4 g5 25. hxg5 hxg5 26. fxe6 fxe6 27. e5 Ne8 28. Rxf8 Kxf8 29. Qh2 Kg7 30. Be4 dxe5 31. Qh7+ Kf8 32. Rf1+ Nf6 33. Qh6+ Ke7 34. Qxf6+ Kd7 35. Qxd8+ Rxd8 36. Rf7+ Ke8 37. Ra7 Bb5 38. Rc7 1-0

[Event "Turkey Cup 2019"]
[Site "Belek"]
[Date "2019.02.01"]
[Round "9.33"]
[White "Kocyigit, Buse Naz"]
[Black "Gundogan, Sinem Cagla"]
[Result "1-0"]
[WhiteElo "2043"]
[BlackElo "1860"]
[Annotator "NA"]
[PlyCount "97"]
[EventDate "2019.01.27"]
[EventType "swiss"]
[EventCountry "TUR"]
[SourceTitle "playchess.com"]
[Source "ChessBase"]
[SourceQuality "1"]

1. e4 e5 2. Nf3 Nc6 3. Bb5 a6 4. Ba4 Nf6 5. O-O Be7 6. Re1 b5 7. Bb3 d6 8. c3 O-O 9. h3 Nb8 10. d4 Nbd7 11. Nbd2 Bb7 12. Bc2 Re8 13. a4 Bf8 14. Bd3 c6 15. Qc2 Qc7 16. b3 g6 17. Bb2 Bg7 18. Bf1 Nh5 19. Rad1 Nf4 20. Qb1 Qb6 21. dxe5 dxe5 22. Nc4 bxc4 23. Rxd7 Bc8 24. Rdd1 cxb3 25. Nd2 Bf8 26. Nc4 Qc7 27. Bc1 Rb8 28. Be3 Be6 29. a5 c5 30. Qb2 f6 31. Kh2 Red8 32. g3 Nxh3 33. Nb6 Ng5 34. Bxg5 fxg5 35. c4 Bg4 36. Rxd8 Rxd8 37. Qxb3 Rd2 38. Kg1 Qf7 39. Qe3 Ra2 40. Nd5 Bf3 41. Bg2 g4 42. Bf1 h6 43. Bd3 g5 44. Bf1 Rxa5 45. Qc3 Ra2 46. Qxe5 Bg7 47. Qb8+ Kh7 48. e5 Bxd5 49. Bd3+ 1-0

[Event "Turkey Cup 2019"]
[Site "Belek"]
[Date "2019.02.01"]
[Round "9.34"]
[White "Gallevci, Yagiz"]
[Black "Selvi, Kaan"]
[Result "0-1"]
[WhiteElo "2034"]
[BlackElo "1854"]
[Annotator "NA"]
[PlyCount "138"]
[EventDate "2019.01.27"]
[EventType "swiss"]
[EventCountry "TUR"]
[SourceTitle "playchess.com"]
[Source "ChessBase"]
[SourceQuality "1"]

1. e4 c5 2. Nf3 g6 3. d4 cxd4 4. Nxd4 Bg7 5. Nc3 Nc6 6. Be3 Nf6 7. Qd2 O-O 8. f3 d5 9. O-O-O dxe4 10. Nxc6 Qxd2+ 11. Bxd2 bxc6 12. Nxe4 Nxe4 13. fxe4 Be6 14. Be3 a5 15. a4 Rab8 16. b3 c5 17. Bb5 Rfc8 18. c4 Be5 19. Kc2 Rc7 20. Bd2 Ra8 21. Bc3 Bxc3 22. Kxc3 Kg7 23. Rhf1 h5 24. Rd3 g5 25. Kd2 Kg6 26. Ke3 h4 27. Rfd1 Kf6 28. Rd8 Rxd8 29. Rxd8 Rc8 30. Rd3 Ke5 31. Rd2 Rg8 32. Bc6 g4 33. Rd1 g3 34. h3 Rg6 35. Bd5 Rf6 36. Rd2 Rf1 37. Rb2 f5 38. exf5 Bxd5 39. cxd5 Rxf5 40. Rc2 Kxd5 41. Rc4 Rf2 42. Rxh4 Rxg2 43. Kd3 Rh2 44. Ke3 Rb2 45. Rg4 Rxb3+ 46. Kd2 g2 47. Kc2 Rxh3 48. Rxg2 Ra3 49. Rg4 c4 50. Rg5+ e5 51. Rg8 Rxa4 52. Rd8+ Kc5 53. Kc3 Ra3+ 54. Kb2 Rb3+ 55. Kc2 e4 56. Ra8 Kd4 57. Rxa5 e3 58. Kd1 Rd3+ 59. Ke2 Rd2+ 60. Ke1 c3 61. Ra4+ Kd3 62. Ra3 e2 63. Ra1 Ke3 64. Rb1 Rd1+ 65. Rxd1 exd1=Q+ 66. Kxd1 Kd3 67. Kc1 c2 68. Kb2 Kd2 69. Ka2 c1=Q 0-1

[Event "Turkey Cup 2019"]
[Site "Belek"]
[Date "2019.02.01"]
[Round "9.35"]
[White "Demir, Zeki"]
[Black "Deniz, Medeni"]
[Result "0-1"]
[WhiteElo "1805"]
[BlackElo "1933"]
[Annotator "NA"]
[PlyCount "102"]
[EventDate "2019.01.27"]
[EventType "swiss"]
[EventCountry "TUR"]
[SourceTitle "playchess.com"]
[Source "ChessBase"]
[SourceQuality "1"]

1. d4 Nf6 2. c4 e6 3. Nc3 b6 4. e4 d6 5. Nf3 Bb7 6. Bd3 Nbd7 7. O-O Be7 8. Bf4 Nh5 9. Be3 c5 10. dxc5 Nxc5 11. Bc2 Nf6 12. e5 dxe5 13. Nxe5 O-O 14. Qe2 Qc8 15. Bg5 Ncd7 16. Nxd7 Qxd7 17. Ba4 Qc8 18. Rfd1 Rd8 19. Rxd8+ Qxd8 20. Rd1 Qf8 21. Bc2 Rd8 22. Rd3 h6 23. Bf4 Rxd3 24. Qxd3 Qc8 25. f3 Kf8 26. b3 Bc6 27. Bd6 Qd7 28. Bxe7+ Kxe7 29. Qxd7+ Nxd7 30. Kf2 Kd6 31. Ne4+ Bxe4 32. Bxe4 Kc5 33. Ke3 Kb4 34. Bc6 Nc5 35. Kd4 a5 36. Be8 f6 37. f4 Ka3 38. Kc3 e5 39. fxe5 fxe5 40. Bg6 Kxa2 41. Bc2 Ka3 42. h4 g5 43. hxg5 hxg5 44. g4 e4 45. Kd4 Kb2 46. Bd1 Nxb3+ 47. Kxe4 a4 48. Kd5 a3 49. Kc6 a2 50. Kxb6 a1=Q 51. Bxb3 Kxb3 0-1

[Event "Turkey Cup 2019"]
[Site "Belek"]
[Date "2019.02.01"]
[Round "9.36"]
[White "Aydin, Ismail"]
[Black "Zekeriyaoglu, Ersen"]
[Result "1-0"]
[WhiteElo "1950"]
[BlackElo "1759"]
[Annotator "NA"]
[PlyCount "107"]
[EventDate "2019.01.27"]
[EventType "swiss"]
[EventCountry "TUR"]
[SourceTitle "playchess.com"]
[Source "ChessBase"]
[SourceQuality "1"]

1. d4 Nf6 2. Nf3 b6 3. g3 Bb7 4. Bg2 e6 5. O-O c5 6. b3 Be7 7. c4 d5 8. cxd5 exd5 9. Nc3 O-O 10. Bg5 Ne4 11. Bxe7 Qxe7 12. Rc1 Rd8 13. e3 Nd7 14. Qe2 Rac8 15. Qb2 Ndf6 16. Bh3 Rb8 17. Ne5 Nxc3 18. Rxc3 Ne4 19. Rc2 f6 20. Nd3 c4 21. bxc4 dxc4 22. Rxc4 Ng5 23. Nf4 Nf3+ 24. Kh1 Nd2+ 25. Kg1 Nxc4 26. Qb3 b5 27. Be6+ Kh8 28. Qxb5 Nd2 29. Qh5 Nf3+ 30. Kh1 Ng5+ 31. f3 Qe8 32. Qg4 Nxe6 33. Nxe6 Rd7 34. e4 Re7 35. d5 Rxe6 36. dxe6 Bc8 37. Qf4 Bxe6 38. Qc7 Bxa2 39. Qxa7 Rb1 40. Rxb1 Bxb1 41. h4 Bd3 42. Kg2 h5 43. Qe3 Ba6 44. g4 hxg4 45. fxg4 Bb7 46. Kf3 Qe5 47. h5 Kh7 48. Qd3 Bc6 49. Qc4 Qb5 50. Qc2 Qf1+ 51. Kg3 Qe1+ 52. Kf4 Bd7 53. e5+ Kh6 54. Qg6# 1-0

[Event "Turkey Cup 2019"]
[Site "Belek"]
[Date "2019.02.01"]
[Round "9.37"]
[White "Albayrak, Kerem"]
[Black "Eke, Salih"]
[Result "0-1"]
[WhiteElo "1949"]
[BlackElo "1801"]
[Annotator "NA"]
[PlyCount "90"]
[EventDate "2019.01.27"]
[EventType "swiss"]
[EventCountry "TUR"]
[SourceTitle "playchess.com"]
[Source "ChessBase"]
[SourceQuality "1"]

1. d4 d5 2. Nf3 e6 3. c4 Be7 4. Nc3 Nf6 5. Bf4 O-O 6. e3 c5 7. dxc5 Bxc5 8. Qc2 Nc6 9. a3 Re8 10. Rd1 e5 11. Bg5 d4 12. Be2 Qa5 13. b4 Nxb4 14. Qa4 Nc2+ 15. Qxc2 Qxc3+ 16. Qxc3 dxc3 17. Bxf6 gxf6 18. Ra1 Bf5 19. O-O Bb6 20. Rac1 Ba5 21. Rfd1 Red8 22. Ne1 Rd2 23. Kf1 c2 24. Rxd2 Bxd2 25. Rxc2 Bxe1 26. Rb2 Ba5 27. Rxb7 Bb6 28. Ke1 Rd8 29. Bh5 Rd7 30. Rxd7 Bxd7 31. Bd1 Be6 32. Bb3 Kf8 33. Ke2 Ke7 34. Kd3 f5 35. f3 Kd6 36. e4 fxe4+ 37. Kxe4 f5+ 38. Kd3 Kc5 39. h3 h5 40. Ba2 h4 41. Bb3 a5 42. Kc3 Kd6 43. Bc2 Bd4+ 44. Kb3 Bd7 45. a4 Kc5 0-1

[Event "Turkey Cup 2019"]
[Site "Belek"]
[Date "2019.02.01"]
[Round "9.38"]
[White "Gozubuyukoglu, Selami"]
[Black "Ozsakallioglu, Akin"]
[Result "0-1"]
[WhiteElo "1821"]
[BlackElo "1957"]
[Annotator "NA"]
[PlyCount "106"]
[EventDate "2019.01.27"]
[EventType "swiss"]
[EventCountry "TUR"]
[SourceTitle "playchess.com"]
[Source "ChessBase"]
[SourceQuality "1"]

1. e4 c5 2. Nf3 d6 3. d4 cxd4 4. Nxd4 Nf6 5. Nc3 g6 6. Be3 Bg7 7. Qd2 h5 8. h3 a6 9. a4 b6 10. Bc4 Bb7 11. f3 Nbd7 12. O-O Rc8 13. Ba2 Ne5 14. Nce2 d5 15. exd5 Bxd5 16. b3 O-O 17. Rad1 Ned7 18. c4 Bb7 19. Bh6 Qc7 20. Bxg7 Kxg7 21. Qg5 Qc5 22. Qe3 e5 23. Nc2 a5 24. Kh2 Rcd8 25. Bb1 Rfe8 26. Qc3 Nb8 27. Rd2 Rxd2 28. Qxd2 Nc6 29. Qg5 Rd8 30. Ng3 e4 31. Qxf6+ Kxf6 32. Nxe4+ Kg7 33. Nxc5 bxc5 34. Ne3 Nd4 35. Rd1 f5 36. Rd3 f4 37. Nc2 Nxf3+ 38. Rxf3 Bxf3 39. gxf3 Rd2+ 40. Kg1 Rd1+ 41. Kf2 Rxb1 42. Ke2 Rxb3 43. Ne1 Kf6 44. Nd3 Rxd3 45. Kxd3 Ke5 46. h4 Kf5 47. Ke2 g5 48. hxg5 Kxg5 49. Kf2 Kf5 50. Kg2 Ke5 51. Kh3 Kd4 52. Kh4 Kxc4 53. Kxh5 Kd4 0-1

[Event "Turkey Cup 2019"]
[Site "Belek"]
[Date "2019.02.01"]
[Round "9.40"]
[White "Ertekin, Ramazan"]
[Black "Kirali, Mehmet"]
[Result "0-1"]
[WhiteElo "1738"]
[BlackElo "1890"]
[Annotator "NA"]
[PlyCount "92"]
[EventDate "2019.01.27"]
[EventType "swiss"]
[EventCountry "TUR"]
[SourceTitle "playchess.com"]
[Source "ChessBase"]
[SourceQuality "1"]

1. c4 Nf6 2. Nc3 g6 3. d4 Bg7 4. e4 d6 5. Bd3 O-O 6. Nge2 e5 7. d5 a5 8. O-O Na6 9. h3 Nh5 10. f4 exf4 11. Nxf4 Nxf4 12. Bxf4 Bd7 13. Qf3 Nc5 14. Bc2 Qe7 15. Rae1 Rae8 16. Qg3 Be5 17. b3 Bxf4 18. Rxf4 Qe5 19. Qf3 Re7 20. Rf1 Qg7 21. g4 Be8 22. Kg2 Nd7 23. a3 Ne5 24. Qg3 Bd7 25. Nd1 a4 26. Rf6 axb3 27. Qxb3 b6 28. Qb4 Ra8 29. g5 h6 30. h4 Ng4 31. R6f3 Qe5 32. Rh1 hxg5 33. Qd2 Kg7 34. hxg5 Rh8 35. Rxh8 Kxh8 36. Qc3 Qxc3 37. Rxc3 Re5 38. Rg3 Rxg5 39. Kg1 Kg7 40. Nc3 Kf6 41. Na2 Ne5 42. Rxg5 Kxg5 43. Nb4 Bc8 44. a4 Kf4 45. Kf2 Nxc4 46. Bd3 Nd2 0-1

[Event "Turkey Cup 2019"]
[Site "Belek"]
[Date "2019.02.01"]
[Round "9.41"]
[White "Demirag, Batuhan"]
[Black "Uysal, Ilyas"]
[Result "1-0"]
[WhiteElo "1906"]
[BlackElo "1718"]
[Annotator "NA"]
[PlyCount "93"]
[EventDate "2019.01.27"]
[EventType "swiss"]
[EventCountry "TUR"]
[SourceTitle "playchess.com"]
[Source "ChessBase"]
[SourceQuality "1"]

1. Nf3 Nf6 2. c4 c5 3. Nc3 Nc6 4. d4 cxd4 5. Nxd4 g6 6. g3 Bg7 7. Bg2 O-O 8. Nc2 d6 9. O-O Bd7 10. e4 Rc8 11. b3 Ng4 12. Bb2 Qa5 13. Na4 Bxb2 14. Nxb2 h5 15. h3 Nf6 16. Nd3 Qg5 17. Qc1 Qxc1 18. Raxc1 Ne5 19. Nxe5 dxe5 20. Nb4 Kg7 21. f4 exf4 22. e5 Ne8 23. gxf4 a5 24. Nd5 e6 25. Nb6 Rc7 26. Nxd7 Rxd7 27. Rfd1 Rc7 28. Rd8 f6 29. Rb8 Kf7 30. Rxb7 fxe5 31. fxe5 Ke7 32. Rxc7+ Nxc7 33. Rd1 Rd8 34. Rxd8 Kxd8 35. h4 Ke7 36. Be4 Kf7 37. Kf2 Na6 38. Ke3 Kg7 39. Kd4 Kf7 40. c5 g5 41. hxg5 h4 42. c6 h3 43. Ke3 Nc7 44. Kf2 Nb5 45. Kg3 Nc3 46. c7 Nxe4+ 47. Kh2 1-0

[Event "Turkey Cup 2019"]
[Site "Belek"]
[Date "2019.02.01"]
[Round "9.42"]
[White "Kavukcu, Mustafa"]
[Black "Kilic, Gokturk Kagan"]
[Result "0-1"]
[WhiteElo "1729"]
[BlackElo "2000"]
[Annotator "NA"]
[PlyCount "56"]
[EventDate "2019.01.27"]
[EventType "swiss"]
[EventCountry "TUR"]
[SourceTitle "playchess.com"]
[Source "ChessBase"]
[SourceQuality "1"]

1. e4 c5 2. Nf3 e6 3. c3 Nf6 4. e5 Nd5 5. d4 cxd4 6. cxd4 b6 7. a3 Bb7 8. Bd3 d6 9. O-O Nd7 10. Qe2 Be7 11. Nc3 Nxc3 12. bxc3 dxe5 13. Nxe5 Nxe5 14. Qxe5 O-O 15. Bd2 Rc8 16. a4 Bf6 17. Qh5 g6 18. Qe2 Qd5 19. f3 Rfd8 20. Be4 Qd7 21. a5 Bd5 22. axb6 Bc4 23. Qe3 axb6 24. Rfd1 b5 25. Rab1 Qa7 26. Qf2 Rxd4 27. Ra1 Qc5 28. Be3 Qa3 0-1

[Event "Turkey Cup 2019"]
[Site "Belek"]
[Date "2019.02.01"]
[Round "9.43"]
[White "Demircin, Kasim"]
[Black "Ozcan, Kadir Kutay"]
[Result "1-0"]
[WhiteElo "1878"]
[BlackElo "1794"]
[Annotator "NA"]
[PlyCount "83"]
[EventDate "2019.01.27"]
[EventType "swiss"]
[EventCountry "TUR"]
[SourceTitle "playchess.com"]
[Source "ChessBase"]
[SourceQuality "1"]

1. Nf3 g6 2. d4 Bg7 3. g3 Nf6 4. Bg2 O-O 5. O-O d5 6. c3 Bg4 7. Ne5 Bc8 8. a4 a5 9. Nd2 c6 10. Qb3 Nfd7 11. Nd3 e5 12. dxe5 Nxe5 13. Nxe5 Bxe5 14. e4 dxe4 15. Nxe4 Qc7 16. Bh6 Bg7 17. Bf4 Be5 18. Bxe5 Qxe5 19. Rfe1 Na6 20. f4 Qe7 21. Qb6 f5 22. Ng5 Qc5+ 23. Qxc5 Nxc5 24. Bf1 h6 25. Bc4+ Kh8 26. Nf7+ Kg7 27. Nd6 b6 28. Re7+ Kf6 29. Rc7 Nxa4 30. Rxa4 b5 31. Ra1 bxc4 32. Rxc6 Bd7 33. Rxc4 Rfb8 34. Rd4 Rxb2 35. Nc4 Rb7 36. Rd6+ Kf7 37. Ne5+ Ke7 38. Rxg6 a4 39. Rg7+ Ke6 40. Nxd7 Rb2 41. Nc5+ Kd5 42. Nxa4 1-0

[Event "Turkey Cup 2019"]
[Site "Belek"]
[Date "2019.02.01"]
[Round "9.44"]
[White "Yenil, Mucahit"]
[Black "Gazioglu, Halit"]
[Result "1-0"]
[WhiteElo "1714"]
[BlackElo "1909"]
[Annotator "NA"]
[PlyCount "113"]
[EventDate "2019.01.27"]
[EventType "swiss"]
[EventCountry "TUR"]
[SourceTitle "playchess.com"]
[Source "ChessBase"]
[SourceQuality "1"]

1. d4 Nf6 2. Nf3 e6 3. c4 c5 4. d5 exd5 5. cxd5 d6 6. g3 g6 7. Bg2 Bg7 8. O-O O-O 9. Nc3 a6 10. a4 Re8 11. Nd2 Nbd7 12. h3 Nh5 13. Kh2 f5 14. f4 Nhf6 15. Nc4 Nb6 16. Nd2 Rb8 17. a5 Nbd7 18. Nc4 Qe7 19. Re1 Ne4 20. Nxe4 fxe4 21. Qb3 Nf6 22. Be3 Kh8 23. Red1 h5 24. Qb6 Rd8 25. Rac1 Bf5 26. b4 cxb4 27. Qxb4 Bf8 28. Bb6 Rdc8 29. Ne3 Nd7 30. Ba7 Nc5 31. Rc4 Ra8 32. Bb6 Re8 33. Rdc1 Rac8 34. Qe1 Qf6 35. Rb1 Re7 36. Qf2 Kg8 37. g4 hxg4 38. hxg4 Bd7 39. Rh1 g5 40. Kg3 Rf7 41. Nf5 Bxf5 42. gxf5 Qxf5 43. Bh3 gxf4+ 44. Kh2 Rh7 45. Kg2 Qg5+ 46. Kf1 Kh8 47. Rg1 Qxd5 48. Rd4 e3 49. Qxf4 Rf7 50. Rxd5 Rxf4+ 51. Ke1 Bg7 52. Bxc8 Ne4 53. Bd4 Nf6 54. Bxf6 Rxf6 55. Bxb7 Rf4 56. Rh5+ Kg8 57. Rhg5 1-0

[Event "Turkey Cup 2019"]
[Site "Belek"]
[Date "2019.02.01"]
[Round "9.45"]
[White "Aysoy, Veysi"]
[Black "Aydogdu, Cagatay"]
[Result "0-1"]
[WhiteElo "1933"]
[BlackElo "1727"]
[Annotator "NA"]
[PlyCount "62"]
[EventDate "2019.01.27"]
[EventType "swiss"]
[EventCountry "TUR"]
[SourceTitle "playchess.com"]
[Source "ChessBase"]
[SourceQuality "1"]

1. e4 e6 2. d4 d5 3. Nd2 a6 4. c3 c5 5. Ngf3 Nc6 6. exd5 exd5 7. dxc5 Bxc5 8. Nb3 Ba7 9. Be2 Nf6 10. Bg5 Bxf2+ 11. Kxf2 Ne4+ 12. Kf1 Nxg5 13. Nxg5 Qxg5 14. Bf3 O-O 15. Qxd5 Qf6 16. Re1 Be6 17. Qc5 Rac8 18. Kf2 Rfd8 19. Qe3 g6 20. h3 Rd5 21. Kg3 Re5 22. Qh6 Ne7 23. Nd4 Rxe1 24. Rxe1 Qxd4 25. cxd4 Nf5+ 26. Kf4 Nxh6 27. d5 Bd7 28. Re7 Rd8 29. g4 Kf8 30. d6 Ng8 31. Re3 Bb5 0-1